Understanding children. (Record no. 14751)

000 -LEADER
fixed length control field 00632nam a2200193 a 4500
001 - CONTROL NUMBER
control field :::00012585$&:&@@
003 - CONTROL NUMBER IDENTIFIER
control field OkBaRHE
005 - DATE AND TIME OF LATEST TRANSACTION
control field 20000607103420.0
008 - FIXED-LENGTH DATA ELEMENTS--GENERAL INFORMATION
fixed length control field s1969 j 000 0 eng u
040 ## - CATALOGING SOURCE
Transcribing agency
100 1# - MAIN ENTRY--PERSONAL NAME
Personal name Stith, Marjorie M.
245 10 - TITLE STATEMENT
Title Understanding children.
260 ## - PUBLICATION, DISTRIBUTION, ETC. (IMPRINT)
Place of publication, distribution, etc Nashville, TN., :
Name of publisher, distributor, etc Convention Press
Date of publication, distribution, etc c1969
300 ## - PHYSICAL DESCRIPTION
Extent 172 p. : illus. ;
Dimensions 21 cm.
490 0# - SERIES STATEMENT
Series statement Basic books for persons who guide children, first through sixth grades.
650 ## - SUBJECT ADDED ENTRY--TOPICAL TERM
Topical term or geographic name as entry element Child Psychology
942 ## - ADDED ENTRY ELEMENTS (KOHA)
Source of classification or shelving scheme
Koha item type Books
Copies
Source of classification or shelving scheme Shelving location Full call number Barcode Date last seen Not for loan Copy number Withdrawn status Koha item type Date acquired Lost status Damaged status Permanent Location Price effective from
 General StacksHQ 772 .S756125852010-04-14 1 Books2010-04-14  RHEMA Bible Training College2010-04-14